书目信息 |
| 题名: |
傅立叶选集
|
|
| 作者: | 傅立叶 , Фурье 著 ;汪耀三 译 | |
| 分册: | 第二册 | |
| 出版信息: | 北京 商务印书馆 1964 |
|
| 页数: | 342页 | |
| 开本: | 21cm | |
| 丛书名: | ||
| 单 册: | ||
| 中图分类: | D091.6 , C0 | |
| 科图分类: | ||
| 主题词: | 空想社会主义--法国 , 空想社会主义 , 社会科学--理论 , 社会科学--方法论 | |
| 电子资源: | ||
| ISBN: | ||
| 000 | 01103nam0 2200349 450 | |
| 001 | 1562841515 | |
| 005 | 20150121172819.98 | |
| 010 | @dCNY2.00 | |
| 091 | @a2017.106@b精装@d¥2.30 | |
| 100 | @a19960327d1964 em y0chiy0110 ea | |
| 101 | 1 | @achi@brus@cfre |
| 102 | @aCN@b110000 | |
| 105 | @akc z 000yy | |
| 200 | 1 | @a傅立叶选集@9fu li ye xuan ji@h第二册@f(法)傅立叶著@g冀甫译 |
| 210 | @a北京@c商务印书馆@d1964 | |
| 215 | @a342页@c肖像@d21cm | |
| 300 | @a据1951年俄文版译出 | |
| 300 | @a书名原文:Шарль Фурьеэ избранные сочинения | |
| 510 | 1 | @aШарль Фурьеэ избранные сочинения@zrus |
| 600 | 1 | @a傅立叶@c(Fourier, Charles)@x文集 |
| 600 | 1 | @2CT@3S023374@a傅立叶@c(Fourier, Charles) |
| 606 | 0 | @a空想社会主义@x法国 |
| 606 | 0 | @a空想社会主义 |
| 606 | 0 | @a社会科学@x理论 |
| 606 | 0 | @a社会科学@x方法论 |
| 690 | @aD091.6@v5 | |
| 690 | @aC0@v4 | |
| 701 | 1 | @a傅立叶@9fu li ye@bШ.@4著 |
| 701 | 1 | @aФурье@bШ.@4著 |
| 702 | 0 | @a汪耀三@9wang yao san@4译 |
| 801 | 0 | @aCN@bTSSF@c20150121 |
| 905 | @aZUCC@dC0@eJY14:2 | |
| 傅立叶选集.第二册/(法)傅立叶著/冀甫译.-北京:商务印书馆,1964 |
| 342页:肖像;21cm |
| 据1951年俄文版译出.-书名原文:Шарль Фурьеэ избранные сочинения |
| ISBN :CNY2.00 |
| ● |
| 相关链接 |
|
|
|
|
正题名:傅立叶选集
索取号:C0/JY14:2
 
预约/预借
| 序号 | 登录号 | 条形码 | 馆藏地/架位号 | 状态 | 备注 |
| 1 | 7856264 | 278562645 | 学院路分馆/ [索取号:C0/JY14:2] | 在馆 |